Israel: (Record no. 6213)

000 -LEADER
fixed length control field 00707nam a2200205 a 4500
001 - CONTROL NUMBER
control field :::00003956$&:&@@
003 - CONTROL NUMBER IDENTIFIER
control field OkBaRHE
005 - DATE AND TIME OF LATEST TRANSACTION
control field 20100401131902.0
008 - FIXED-LENGTH DATA ELEMENTS--GENERAL INFORMATION
fixed length control field s1990 j 000 0 eng u
040 ## - CATALOGING SOURCE
Transcribing agency
100 1# - MAIN ENTRY--PERSONAL NAME
Personal name McCallum, Brian.
245 10 - TITLE STATEMENT
Title Israel:
Remainder of title God's glory.
260 ## - PUBLICATION, DISTRIBUTION, ETC. (IMPRINT)
Place of publication, distribution, etc Broken Arrow, OK.,
Name of publisher, distributor, etc Brian MaCallum Ministries
Date of publication, distribution, etc 1990
300 ## - PHYSICAL DESCRIPTION
Extent 130 p. ;
Dimensions 22 cm.
650 ## - SUBJECT ADDED ENTRY--TOPICAL TERM
Topical term or geographic name as entry element Bible New Testament Revelation
650 ## - SUBJECT ADDED ENTRY--TOPICAL TERM
Topical term or geographic name as entry element Israel
942 ## - ADDED ENTRY ELEMENTS (KOHA)
Source of classification or shelving scheme
Koha item type Books
Copies
Total Checkouts Koha item type Lost status Permanent Location Source of classification or shelving scheme Copy number Full call number Date last seen Not for loan Price effective from Date checked out Date acquired Current Location Shelving location Barcode Withdrawn status Damaged status
 Books RHEMA Bible Training College 2BS 2825.3 .M335 19902018-04-03 2010-04-14 2010-04-14 General Stacks21046  
1Books RHEMA Bible Training College 1BS 2825.3 .M335 19902018-04-03 2010-04-142016-12-052010-04-14RHEMA Bible Training CollegeGeneral Stacks3956